Green Day - Dookie Songs - Statistics

General Stats
  • This quiz has been taken 51 times
  • The average score is 10 of 14
Answer Stats
Length Songs % Correct
3:02 Basket Case
97%
3:44 Welcome to Paradise
85%
2:57 When I Come Around
82%
2:07 Burnout
77%
2:53 Chump
74%
5:46 F.O.D.
74%
2:44 Having a Blast
72%
3:59 Longview
72%
2:30 Pulling Teeth
67%
2:13 She
67%
1:34 Coming Clean
62%
2:37 Sassafras Roots
62%
1:43 Emenius Sleepus
51%
1:46 In the End
51%
No matching quizzes found
Score Distribution
Percent of People with Each Score
Percentile by Number Answered
Your Score History
You have not taken this quiz